| 000 | 00787 a2200181 4500 | ||
|---|---|---|---|
| 003 | Nust | ||
| 005 | 20170207153154.0 | ||
| 040 | _cNust | ||
| 082 | _a005.8 | ||
| 100 | _aIlyas, Muhammad Umar (MSIS-2) | ||
| 245 |
_aAnalyzing the effectiveness of IEEE 802.11 wireless LAN standard's security mechanism _cMuhammad Umar Ilyas |
||
| 260 |
_bMCS (NUST) _c2006 _aRawalpindi |
||
| 300 | _axi, 84 p. | ||
| 505 | _aIntroduction (page-1) Anatomy of denial of service attacks (page-6) Survey of major denial of service incidents (page-22) IEEE 802.11 wireless LAN standard (page-34) Security analysis of IEEE 802.11 (page-51)Emulation of vulnerability and indict (page-65) Conclusions and future research (page-75) | ||
| 538 | _a Almirah No.70 Shelf No.4 | ||
| 650 | _aPG Thesis | ||
| 651 | _aMSIS-2 | ||
| 942 | _cTHS | ||
| 999 |
_c180691 _d180691 |
||